Top 10 Best NBA -POINT GUARDS OF 2016- - Statistics

General Stats
  • This quiz has been taken 1,592 times
  • The average score is 9 of 10
Answer Stats
Team Player % Correct
GSW Stephen Curry
99%
OKC Russell Westbrook
98%
POR Damian Lillard
97%
CLE Kyrie Irving
96%
LAC Chris Paul
94%
WAS John Wall
94%
TOR Kyle Lowry
94%
SAS Tony Parker
87%
MEM Mike Conley
85%
ATL Jeff Teauge
65%
No matching quizzes found
Score Distribution
Percent of People with Each Score
Percentile by Number Answered
Your Score History
You have not taken this quiz